00000000nam##2200000za#4500
0019.640853
003CaOODSP
00520210624222855
007cr |||||||||||
008150407|2007||||xxc|||||o    f|0| 0 fre|d
040 |aCaOODSP|bfre
043 |an-cn---
0861 |aE84-37/2007F-PDF
1101 |aCanada.|bDroits et Démocratie (Centre international des droits de la personne et du développement démocratique)
24513|aUn portrait des femmes autochtones d'Asie |h[ressource électronique]
24617|aAMAN - AIWN - Droits et Démocratie 2007
260 |aMontréal - Québec : |bDroits et Démocratie (Centre international des droits de la personne et du développement démocratique) |cc2007.
300 |a21p.|btableaux, photographies
590 |a12-40-Supp|b2012-10-23
69107|aCondition de la femme|2gcpds
77508|tPortrait of the indigenous women of Asia |w(CaOODSP)9.696745
85640|ahttp://publications.gc.ca|qPDF|s2.18 Mo|uhttps://publications.gc.ca/collections/collection_2012/dd-rd/E84-37-2007-fra.pdf